<?xml version="1.0" encoding="UTF-8"?>
<record
    xmlns:xsi="http://www.w3.org/2001/XMLSchema-instance"
    xsi:schemaLocation="http://www.loc.gov/MARC21/slim http://www.loc.gov/standards/marcxml/schema/MARC21slim.xsd"
    xmlns="http://www.loc.gov/MARC21/slim">

  <leader>00948nam0a2200301   4500</leader>
  <controlfield tag="001">RU\NLR\bibl\846354</controlfield>
  <controlfield tag="005">20250614150506.0</controlfield>
  <datafield tag="010" ind1=" " ind2=" ">
    <subfield code="a">5-352-01466-5</subfield>
    <subfield code="9">4000</subfield>
  </datafield>
  <datafield tag="021" ind1=" " ind2=" ">
    <subfield code="a">RU</subfield>
    <subfield code="b">2005-52801</subfield>
    <subfield code="9">2576</subfield>
  </datafield>
  <datafield tag="035" ind1=" " ind2=" ">
    <subfield code="a">(NLR Aleph) 000835132</subfield>
  </datafield>
  <datafield tag="090" ind1=" " ind2=" ">
    <subfield code="a">1385399</subfield>
    <subfield code="c">1385399</subfield>
  </datafield>
  <datafield tag="100" ind1=" " ind2=" ">
    <subfield code="a">20050929d2005    |||y0rusy50      ca</subfield>
  </datafield>
  <datafield tag="101" ind1="1" ind2=" ">
    <subfield code="a">rus</subfield>
    <subfield code="c">cze</subfield>
  </datafield>
  <datafield tag="102" ind1=" " ind2=" ">
    <subfield code="a">RU</subfield>
  </datafield>
  <datafield tag="105" ind1=" " ind2=" ">
    <subfield code="a">y   |||||||||</subfield>
  </datafield>
  <datafield tag="200" ind1="1" ind2=" ">
    <subfield code="a">&#x420;&#x435;&#x441;&#x442;&#x430;&#x432;&#x440;&#x430;&#x446;&#x438;&#x44F; &#x43E;&#x431;&#x435;&#x434;&#x430;</subfield>
    <subfield code="e">[&#x440;&#x43E;&#x43C;&#x430;&#x43D;]</subfield>
    <subfield code="f">&#x418;&#x440;&#x436;&#x438; &#x413;&#x440;&#x43E;&#x448;&#x435;&#x43A;</subfield>
    <subfield code="g">[&#x43F;&#x435;&#x440;. &#x441; &#x447;&#x435;&#x448;. &#x410;. &#x412;&#x43B;&#x430;&#x434;&#x438;&#x43C;&#x438;&#x440;&#x43E;&#x432;&#x43E;&#x439;]</subfield>
  </datafield>
  <datafield tag="210" ind1=" " ind2=" ">
    <subfield code="a">&#x421;&#x430;&#x43D;&#x43A;&#x442;-&#x41F;&#x435;&#x442;&#x435;&#x440;&#x431;&#x443;&#x440;&#x433;</subfield>
    <subfield code="c">&#x410;&#x437;&#x431;&#x443;&#x43A;&#x430;-&#x43A;&#x43B;&#x430;&#x441;&#x441;&#x438;&#x43A;&#x430;</subfield>
    <subfield code="d">2005</subfield>
  </datafield>
  <datafield tag="215" ind1=" " ind2=" ">
    <subfield code="a">253, [2] c.</subfield>
    <subfield code="d">20</subfield>
  </datafield>
  <datafield tag="225" ind1="1" ind2=" ">
    <subfield code="a">Espresso</subfield>
    <subfield code="i">&#x425;&#x43E;&#x440;&#x43E;&#x448;&#x438;&#x439; &#x432;&#x43A;&#x443;&#x441;</subfield>
  </datafield>
  <datafield tag="686" ind1=" " ind2=" ">
    <subfield code="a">&#x428;6(2=&#x420;)75-744.04</subfield>
  </datafield>
  <datafield tag="700" ind1=" " ind2="1">
    <subfield code="a">&#x413;&#x440;&#x43E;&#x448;&#x435;&#x43A;</subfield>
    <subfield code="b">&#x418;.</subfield>
    <subfield code="f">1958-</subfield>
    <subfield code="g">&#x418;&#x440;&#x436;&#x438;</subfield>
    <subfield code="4">070</subfield>
  </datafield>
  <datafield tag="801" ind1=" " ind2="0">
    <subfield code="a">RU</subfield>
    <subfield code="b">NLR</subfield>
    <subfield code="c">20050929</subfield>
    <subfield code="g">rcr</subfield>
  </datafield>
  <datafield tag="801" ind1=" " ind2="1">
    <subfield code="a">RU</subfield>
    <subfield code="b">NLR</subfield>
    <subfield code="c">20050929</subfield>
  </datafield>
  <datafield tag="942" ind1=" " ind2=" ">
    <subfield code="c">BOOK</subfield>
  </datafield>
  <datafield tag="980" ind1=" " ind2=" ">
    <subfield code="a">NB</subfield>
  </datafield>
  <datafield tag="995" ind1=" " ind2=" ">
    <subfield code="5">2005-09-29</subfield>
    <subfield code="a">ad</subfield>
    <subfield code="b">NLR01</subfield>
    <subfield code="c">NLR01</subfield>
    <subfield code="e">RF3</subfield>
    <subfield code="f">2002999</subfield>
    <subfield code="k">2005-3/25704</subfield>
    <subfield code="o">0</subfield>
    <subfield code="r">BOOK</subfield>
    <subfield code="s">2005325704_</subfield>
  </datafield>
  <datafield tag="995" ind1=" " ind2=" ">
    <subfield code="5">2005-09-29</subfield>
    <subfield code="a">ad</subfield>
    <subfield code="b">NLR01</subfield>
    <subfield code="c">NLR01</subfield>
    <subfield code="e">RF3</subfield>
    <subfield code="f">2003002</subfield>
    <subfield code="k">2005-3/25704</subfield>
    <subfield code="o">0</subfield>
    <subfield code="r">BOOK</subfield>
    <subfield code="s">2005325704_</subfield>
  </datafield>
</record>
